| 000 | 00000nam##2200000za#4500 |
| 001 | 9.659086 |
| 003 | CaOODSP |
| 005 | 20210615115950 |
| 007 | ta |
| 008 | 150407|1997||||xxc||||| f|0| 0 fre|d |
| 020 | |a0-660-60185-0 |
| 040 | |aCaOODSP|bfre |
| 041 | |aeng |
| 041 | |afre |
| 043 | |an-cn--- |
| 086 | 1 |aM86-16/1997-1 |
| 110 | 1 |aCanada.|bRessources naturelles Canada. |bComité permanent canadien des noms géographiques. |
| 245 | 10|aRépertoire toponymique concis du Canada / |cPréparé par le Centre d'information topographique, Géomatique Canada. |
| 260 | |aOttawa - Ontario : |bRessources naturelles Canada. |c1997. |
| 300 | |axxxi, 636p. : |bcarte, tableaux ; |c28 cm. |
| 500 | |a«Pour réunir des toponymes du pays en un seul volume d'une taille qui puisse être gérée, nous avons choisi quelque 47 000 des 350 000 noms actuellement approuvées par le Comité permanent canadien des noms géographiques.»--Préface. |
| 520 | 3 |aCette publication renferme l'ensemble des répertoires géographiques provinciaux et territoriaux. Paru d'abord en 1952, puis maintenant dans cette version à jour et concise, le "Répertoire" contient tous les noms approuvés des lieux habités, des lacs, des rivières, des montagnes, des parcs provinciaux et des réserves amérindiennes de chaque province et territoire. Ces noms géographiques témoignent également de la richesse culturelle et historique de notre pays en illustrant la diversité des langues parlées au Canada. Quiconque veut savoir le nom exact et l'emplacement précis d'un lieu géographique au Canada trouvera le "Répertoire toponymique concis du Canada" rapide et facile à consulter. En plus d'instructions détaillées sur son usage, l'ouvrage comprend un glossaire et une carte couleur du Canada. |
| 546 | |aBilingue |
| 563 | |aCouverture souple |
| 590 | |a97-15|b1997-04-11 |
| 691 | 07|aToponymie|2gcpds |
| 776 | 0#|tConcise gazetteer of Canada |w(CaOODSP)9.676743 |
| 791 | |tConcise gazetteer of Canada / |eeng|w(CaOODSP)9.659085 |